| 000 | 00478 a2200169 4500 | ||
|---|---|---|---|
| 003 | OSt | ||
| 005 | 20231218132321.0 | ||
| 008 | 231218b |||||||| |||| 00| 0 eng d | ||
| 020 | _a9789350000557 | ||
| 040 | _coclc | ||
| 082 |
_a891.433 _bSAU/M |
||
| 100 |
_aSaurabh, Pradeep _910164 |
||
| 245 |
_aMUNNI MOBILE / _cPradeep Saurabh |
||
| 260 |
_aNew Delhi: _bVani Prakashan, _c2016. |
||
| 300 | _a156p | ||
| 942 |
_2ddc _cBK _h891.433 _iSAU/M _k891.433 _mSAU/M |
||
| 999 |
_c43465 _d43465 |
||